ბათუმის შოთა რუსთაველის სახელმწიფო უნივერსიტეტის ბიბლიოთეკა

Вопросы философии, №1. 2018. (ბიბ.ჩანაწერი № 56593)

000 -LEADER
fixed length control field 00473nam a2200157Ia 4500
001 - CONTROL NUMBER
control field 23709
003 - CONTROL NUMBER IDENTIFIER
control field GE_BSU
008 - FIXED-LENGTH DATA ELEMENTS--GENERAL INFORMATION
fixed length control field 181216s||||||||xx |||||||||||||| ||und||
040 ## - CATALOGING SOURCE
Transcribing agency GE_BSU
245 ## - TITLE STATEMENT
Title Вопросы философии, №1. 2018.
245 ## - TITLE STATEMENT
Statement of responsibility, etc. Гл.ред. Пружинин Борис Исаевич и др.
653 ## - INDEX TERM--UNCONTROLLED
Uncontrolled term Вопросы философии. №1. 2018.
653 ## - INDEX TERM--UNCONTROLLED
Uncontrolled term Периодика
653 ## - INDEX TERM--UNCONTROLLED
Uncontrolled term პერიოდიკა
942 ## - ADDED ENTRY ELEMENTS (KOHA)
Koha item type პერიოდიკა

არაა ხელმისაწვდომი ეგზემპლარები.